La virgen en el templo, honrando el templo. Virtudes heroicas que exercitô Maria santissima señora nuestra, mientras viviò en el templo. Se las propone en meditaciones à las almas, en especial de virgenes religiosas: Joseph Tercero, sacerdote de la Compañia de Jesus

Detalles Bibliográficos
Autor principal: José Tercero, S. J.
Formato: Libro
Lenguaje:Spanish
Publicado: [Sevilla : por Joseph Padrino, impressor, y mercader de libros, en calle Genova,] s.a.
Edición:Sacalo a luz en esta segunda impression un devoto de esta soberana señora
Materias:
Colección:Banco de datos
Acervo:Fondo Antiguo José Gutiérrez Casillas. S.J. de la Biblioteca Eusebio F. Kino. de la Provincia Mexicana de la Compañía de Jesús
Descripción Física:[35] h., 451 p., [1] h. ; 8°
Tema general:Mariología
Ascética
Notas:Portada tipográfica. Pie de imprenta tomado del colofón. Colofón: Con licencia: En Sevilla, por Joseph Padrino, Impressor, y Mercader de Libros, en calle Genova. Texto a renglón seguido con paginación en números arábigos, signaturas y reclamos. Encuadernación en piel sobre cartón. Ex libris manuscrito en el verso de la tapa inferior: ilegible. Anotaciones manuscritas en el verso de la tapa superior
LEADER 01401nam a22002050004500
035 |a 4632 
041 0 |a spa 
100 1 |a José Tercero, S. J. 
245 1 0 |a La virgen en el templo, honrando el templo. Virtudes heroicas que exercitô Maria santissima señora nuestra, mientras viviò en el templo. Se las propone en meditaciones à las almas, en especial de virgenes religiosas: Joseph Tercero, sacerdote de la Compañia de Jesus 
250 |a Sacalo a luz en esta segunda impression un devoto de esta soberana señora 
260 |a [Sevilla : por Joseph Padrino, impressor, y mercader de libros, en calle Genova,] s.a. 
300 |a [35] h., 451 p., [1] h. ; 8° 
500 |a Portada tipográfica. Pie de imprenta tomado del colofón. Colofón: Con licencia: En Sevilla, por Joseph Padrino, Impressor, y Mercader de Libros, en calle Genova. Texto a renglón seguido con paginación en números arábigos, signaturas y reclamos. Encuadernación en piel sobre cartón. Ex libris manuscrito en el verso de la tapa inferior: ilegible. Anotaciones manuscritas en el verso de la tapa superior 
504 |a Al final de la obra está la tabla de contenido 
650 1 0 |a Mariología 
650 1 0 |a Ascética 
949 |a 24983 
942 |c KINO 
943 |g Fondo Antiguo José Gutiérrez Casillas. S.J. de la Biblioteca Eusebio F. Kino. de la Provincia Mexicana de la Compañía de Jesús 
999 |c 1097521  |d 1097521